Una dčada de reformas penales Anl̀isis de diez aǫs de cambios en el cd̤igo penal (2010-2020) /

Detalles Bibliográficos
Autor principal: Abada̕s Selma, Alfredo
Otros Autores: Bustos Rubio, Miguel
Formato: eBook
Lenguaje:español
Publicado: Barcelona: J.M. Bosch Editor, 2020
Materias:
Acceso en línea:Acceso restringido

MARC

LEADER 00000nam a22000007a 4500
005 20220217233637.0
007 cr|||| ||||
008 220217s2020 es |||||s|||| 00||0 spa d
020 |a 978-84-122106-0-6 
035 |a 35566 
040 |a vLex 
090 |c 13029  |d 13029 
100 1 |a Abada̕s Selma, Alfredo 
245 1 3 |a Una dčada de reformas penales  |h [Recurso electrn̤ico] :  |b Anl̀isis de diez aǫs de cambios en el cd̤igo penal (2010-2020) /  |c Alfredo Abada̕s Selma, Miguel Bustos Rubio 
256 |a Servicio en ln̕ea 
260 |a Barcelona:  |b J.M. Bosch Editor,  |c 2020 
300 |a 1 recurso electrn̤ico 
500 |a El Derecho penal espaǫl ha mutado profunda y profusamente en los l︢timos diez aǫs. Ya desde la entrada en vigor de la Ley Orgǹica 5/2010 de 22 de junio, y hasta las ms̀ recientes, como la Ley Orgǹica 2/2019 de 1 de marzo, son copiosos los cambios acaecidos en un texto normativo, el del Cd̤igo Penal, que parece que tras ms̀ de treinta modificaciones se ha acostumbrado a resultar del todo maleable en manos de nuestros legisladores, como pretendida va̕ de solucin̤ ante cualquier problema social, convirtiňdose ms̀ en una prima ratio que en ultima ratio. Estos cambios no solo han sido de carc̀ter cualitativo sino tambiň cuantitativo, al introducirse nuevas figuras delictivas que ya han generado importantes interpretaciones por parte de nuestra jurisprudencia. As ̕en los l︢timos aǫs se han enjuiciado con el Cd̤igo Penal causas de relevancia como la Operacin̤ Malaya, el caso ±Palau», Afinsa, Forum, las ±Preferentes», la trama Gürtel, el caso Urdangarn̕, Altsasu, la ±Manada», el ±Procš», entre otros tambiň de gran eco social y medit̀ico. Esta obra ofrece un anl̀isis complejo, completo e integrador de las visiones dogmt̀ica y jurisprudencial, proporcionando a los operadores jurd̕icos una herramienta de gran utilidad para conocer la evolucin̤ de diferentes tipologa̕s delictivas y la realidad de su aplicacin̤ prc̀tica en los l︢timos diez aǫs de cambios. El Grupo de Investigacin̤ Reconocido PENALCRIM, de la Universidad Internacional de La Rioja, auspicia e impulsa este volumen colectivo a travš de la estrecha colaboracin̤ con prestigiosos juristas (en su mayora̕ penalistas, criminl̤ogos y tambiň constitucionalistas) de diferentes universidades espaǫlas, que siendo expertos en la materia propia de sus contribuciones, hacen que este libro resulte un trabajo de mx̀ima relevancia e interš. 
506 1 |a Disponible solo en los productos indicados  |d vLex Global  |d vLex Global (Academic Edition, excluding Law Schools)  |d vLex Global (U.S. Academic Edition, Law Schools)  |d vLex Global (U.S. Academic Edition, excluding Law Schools)  |d vLex Global (Academic Edition, Law Schools) 
650 0 4 |a Derecho Penal  |z Espaą 
650 0 4 |a Procedimiento Penal  |z Espaą 
700 1 |a Bustos Rubio, Miguel 
740 0 |a vLex Libros (Servicio en ln̕ea) 
856 4 0 |u https://app.vlex.com/#/sources/35566  |z Acceso restringido 
942 |c BOOK 
999 0 |a Criminal Law 
999 0 |a Criminal Procedure